Countries with highest rate of smokers - Statistics

General Stats
  • This quiz has been taken 743 times
  • The average score is 13 of 20
Answer Stats
Answer Smoking rate (%) % Correct
11 France 27.6
87%
15 Italy 23.8
86%
7 Spain 29.1
85%
5 Germany 30.3
79%
1 Greece 42.4
76%
19 Portugal 22.2
76%
10 Poland 27.9
75%
13 Turkey 25.5
74%
14 Netherlands 24.8
70%
18 Belgium 23.1
67%
3 Czech Republic 33.1
66%
8 Slovakia 28.2
66%
9 Hungary 28.2
64%
17 Switzerland 23.2
59%
4 Estonia 32.3
55%
16 Luxembourg 23.6
48%
20 Norway 22.2
47%
6 Israel 30.1
36%
12 South Korea 26.7
34%
2 Chile 38.0
26%
No matching quizzes found
Score Distribution
Percent of People with Each Score
Percentile by Number Answered
Your Score History
You have not taken this quiz